000 00407nam a2200145Ia 4500
008 100415s9999 xx 000 0 und d
082 _b6763
_a598.44
100 _aStonehouse, Bernard (ed.)
245 _a" Tiger" The World Of Animals
260 _aU.S.A
_c1968
_bARTHUR BARKER LTD.
365 _b0
630 _a" Tiger" The World Of Animals
730 _a" Tiger" The World Of Animals
942 _cBOOK
999 _c589725
_d589722